000 00692cab a2200193 4500
001 WB2612-19
008 090401t1990 xxu||||| |||| 00| 0 eng d
035 _a(Sirsi) u15649
041 _aeng
245 _aBISF houses
260 _c1990
350 _a0
490 _aHansard
_v(House of Commons) 20 March 1990 cols 1085-1100 (8
520 _aUnder-Secretary of State for the Environment responded to an adjournment debate that the government provide grants for the owners of BISF homes if the houses are defective or confirm for building societies that they should lend on such property.
650 _aSTEEL FRAMED HOUSING
690 _aHOUSING
942 _n0
948 _c04/03/1997
999 _c10287
_d10287